[Event "Linares 27th"]
[Site "Linares"]
[Date "2010.02.15"]
[Round "3"]
[White "Aronian, Levon"]
[Black "Topalov, Veselin"]
[Result "1/2-1/2"]
[WhiteElo "2781"]
[BlackElo "2805"]
[Annotator "Marin,M"]
[PlyCount "101"]
[EventDate "2010.02.13"]
[EventType "tourn"]
[EventRounds "10"]
[EventCountry "ESP"]
[EventCategory "21"]
[SourceTitle "CBM 135"]
[Source "ChessBase"]
[SourceDate "2010.03.17"]
[SourceVersion "1"]
[SourceVersionDate "2010.03.17"]
[SourceQuality "1"]

1. d4 Nf6 2. c4 e6 3. g3 c5 4. d5 exd5 5. cxd5 d6 6. Nc3 g6 7. Bg2 Bg7 8. Nf3
O-O 9. O-O Re8 10. Nd2 a6 11. a4 Nbd7 12. h3 Rb8 13. Nc4 Nb6 {Traditionally,
this is considered to be the safest continuation. Although I always have
instinctively preferred the alternative mentioned below, I devoted some
attention to this move, too, but came to the conclusion that Black has
problems getting fully coordinated for launching his queenside attack.
Although there are several debatable decisions from both players in the
present game, I believe that my initial evaluation is more or less confirmed.}
({I find Black's development more harmonious after} 13... Ne5 14. Na3 Nh5 15.
e4 Bd7 {The pieces are all over the board. In fact, we can notice that there
are two groups of four pieces with identical geometry. Theory regards this
line as riskier, probably because sharp tactics may arise, but this should not
be a reason if the position is sound objectively.} 16. a5 {This is the
critical variation.} (16. g4 b5 {Akopian,V (2630)-Marin,M (2520)/Moscow 1994/
CBM 45/[Marin,M] (0-1, 54). gives Black easy play.}) 16... Qxa5 17. g4 Nf6 {
Avrukh,B (2641)-Kamsky,G (2714)/Khanty-Mansiysk 2007/CBM 122/[Avrukh,B] (0-1,
53)}) 14. Na3 Bd7 15. e4 {This is the best continuation. White wins space in
the centre without touching the queenside yet.} (15. a5 {contradicts the
principle "do not move pawns on the side where you will be submitted to an
attack!" Concretely, Black gets the possibility of opening the b-file, with
counterplay.} Nc8 16. Nc4 Bb5 17. Qb3 Bxc4 18. Qxc4 Nd7 19. Ne4 $5 {It is
interesting to follow the plan initiated by this move, chosen by a Benoni
expert!} ({Theory mainly relies on the older game:} 19. Qd3 Ne5 20. Qc2 Na7 21.
Rd1 Nb5 22. Nxb5 axb5 23. Qb3 Qd7 $132 {Liberzon,V (2460)-Jussupow,A (2575)/
Lone Pine 1981/MCL (0-1, 47)}) 19... Qe7 20. Ra3 Na7 21. Bg5 Qf8 22. Bf4 Nb5
23. Rb3 Ne5 24. Bxe5 Bxe5 25. e3 {White does not seem to have displayed great
ambitions, but his main plan is to prevent Black from getting any shadow of
activity. Once everything has been stabilised, the space advantage may ensure
some slight, but stable, advantage.} Qe7 26. h4 Qc7 27. Ra1 b6 $6 {White is
perfectly well prepared for the opening of the queenside. Black should have
adopted a neutral policy, because for White it is difficult to make progress
without weakening the dark squares.} (27... h5 $5) 28. axb6 Rxb6 29. Nd2 $1 {
White plans to transfer the knight to c4 (and then a5-c6), putting the whole
black queenside in danger.} Rc8 30. Bh3 f5 31. Bf1 Rcb8 32. Qc1 Bf6 33. Nc4 $18
{Nisipeanu,L (2690)-Cvek,R (2512)/Germany 2006/CBM 118 (1-0, 41). White won a
pawn, retaining a positional advantage.}) 15... Nc8 16. Qd3 {It appears that
the thematic break ...b5 is not that easy to carry out.} Re7 $5 {An original
move, planning two possible regroupings: ...Qe8 preparing ...b5 or ...Be8, ...
Rc7, ...Nd7. This offers Black some flexibility in planning, which is highly
needed when lacking space.} (16... Qc7 17. Be3 {seems to favour White, as can
be inferred from the extensive notes to Mikhalevski,V (2520)-Cvitan,O (2574)/
Biel 2002/EXT 2003/[Mikhalevski,V] (1-0, 51).}) ({If Black does not mind a
short draw,} 16... Nb6 $5 {may come into consideration. The only drawback of
the queen move to d3 was that it left the a4-pawn insufficiently well defended.
The critical answer is} 17. b3 (17. Nc2 Nc8 {[%cal Gb7b5] is a tacit
invitation to a repetition of moves.} 18. Rb1 b5 19. axb5 axb5 20. b4 c4 21.
Qd2 Nb6 $132) (17. a5 Nc8 18. Nc4 Bb5) (17. Bf4 $2 {was played in the only
game with this experimental line so far.} Bxa4 18. Nxa4 Nxa4 19. Nc4 Nh5 20.
Bxd6 Nxb2 21. Nxb2 Qxd6 22. Nc4 Qd8 23. Rad1 b5 $15 {0-1 Cernousek,L (2442)
-Lie,K (2539)/ICC INT 2009/CBM 129 Extra (42)}) 17... Nxe4 18. Bxe4 Bxc3 (18...
Rxe4 19. Nxe4 Bxa1 20. Bg5 f6 21. Rxa1 fxg5 22. a5 Nc8 23. Qc3 $40) 19. Qxc3
Rxe4 20. Bb2 f6 {and Black might hold. The h3- and d5-pawns are hanging and
the a3-knight far from the events still.} 21. a5 Na8 22. Qf3 Re8 23. Bxf6 Rf8
$1) 17. Rb1 $146 {A very direct move, preparing b4 before Black gets to
advance his own b-pawn.} ({Against a neutral developing move like} 17. Be3 {
Black may switch to the other plan:} Qe8 18. a5 (18. Rab1 b5 19. b4 c4 20. Qc2
Nxe4 21. Nxe4 f5 22. Nc3 Rxe3 $17) 18... Bb5 19. Naxb5 axb5 20. Qxb5 Qxb5 21.
Nxb5 Nxe4 $132) ({The only game in which 16...Re7 has been played so far went} 
17. Bf4 Nh5 (17... b5 18. axb5 axb5 19. Naxb5 Bxb5 20. Nxb5 Reb7 21. Na3 Rxb2
22. Nc4 R2b3 23. Qd2 Nh5 24. Bg5 $14) 18. Bg5 f6 19. Be3 f5 20. Bg5 {Bayer,E 
(2355)-Stein,B (2380)/Germany 1989/GER-chT (1-0, 38)} Bf6 21. Bxf6 Nxf6 22.
exf5 Bxf5 23. Qd2 b5 24. axb5 axb5 25. Ncxb5 Reb7 $132) 17... Be8 {[%cal Ge7c7,
Gf6d7] This is the best way to anticipate b2-b4, clearing the way to the
pieces towards the queenside.} (17... Qe8 $6 18. b4 $16) 18. b4 {This move may
be premature in the way that it was precisely what Black had been regrouping
against.} ({Combining play on both wings may have been trickier:} 18. Be3 Rc7 (
18... Nd7 19. Rfc1 Ne5 20. Qe2 $14) 19. Rfc1 Nd7 {Black is well prepared
against b4, but White can activate his position on the other wing as well:} 20.
f4 $14) 18... cxb4 19. Rxb4 Rc7 20. Bd2 Nd7 21. Rc1 Nc5 {This tempting move,
gaining a tempo and activating the knight, leaves the c7-rook and the queen
passive.} ({Several commentators have suggested} 21... Rc5 $5 {opening the
d8-a5 diagonal for the queen and maintaining some pressure along the c-file.}
22. Nc4 ({After a neutral move such as} 22. Kh2 {Black could continue
activating his pieces with} Ncb6 {[%cal Gb8c8]}) (22. Be3 {is the forced line
the commentators have focused on.} Qa5 23. Bxc5 Nxc5 24. Qb1 Nd3 25. Rxb7 Rxb7
26. Qxd3 Nb6 $44) 22... b5 23. axb5 axb5 24. Ne3 (24. Na3 Qa5) 24... Ne5 25.
Qe2 Nb6 {[%cal Gb6c4]} 26. Nxb5 $6 Bxb5 27. Rxb5 Rxb5 28. Qxb5 Nbc4 $17) 22.
Qb1 b5 $2 {Giving up a pawn without any compensation.} (22... Na7 $5 {[%cal
Gb7b5]} 23. a5 Rbc8 {White cannot increase his pressure easily, because any
knight move would allow ...Nb5 with counterplay.}) 23. axb5 a5 24. Rb2 Nb6 25.
Ra2 $1 {Freeing the knight from the pin.} a4 26. Ne2 {After due preparation,
the knight may reach c6.} Rcb7 27. Bf4 {Not the only possible move.} (27. Be3
$5 Bxb5 28. Qxb5 Nxd5 29. Qxb7 Rxb7 30. exd5 $16) (27. Bc3 $5) 27... Nc8 (27...
Nb3 28. Rc6 $1 {leads to complete white domination.}) 28. Rxc5 dxc5 29. Bxb8
Rxb8 30. f4 g5 $5 {Desperation. Black has to undermine White's centre somehow.}
31. e5 gxf4 32. gxf4 f6 33. Qe4 $6 ({Aronian seems to have intended to win in
Philidor's style, by advancing his pawns on squares opposite to those
controlled by his own bishop. He might have feared that the blockade reached
after} 33. e6 Nd6 {would make Black's position defensible, but after} 34. Be4
$16 {Black would have to either weaken his kingside or give up his blocking
piece.}) 33... fxe5 34. fxe5 Qg5 35. Nc4 $6 {Missing a series of tactical
finesses.} (35. e6 Nd6 36. Qxa4 $14 {would have retained some chances for
success, although the blockade would have been hard to crack.}) 35... Bxb5 36.
h4 Qg6 37. Qxg6 (37. Rb2 $5 a3 38. Nxa3 Nd6 39. Qxg6 hxg6 40. Nc3 Bxe5 41. Rxb5
Nxb5 42. Naxb5 Kf7 $14) 37... hxg6 38. Rb2 Nd6 $1 {A very elegant move,
leading to drawish simplifications.} 39. Nxd6 a3 40. Ra2 Bxe2 41. Rxe2 Bxe5 42.
Nc4 (42. Rxe5 a2 43. Re1 Rb1) 42... Bb2 43. Nxa3 Bxa3 44. Re6 c4 45. Rxg6+ Kf7
46. Rc6 Rh8 47. Rc7+ Kf8 48. Rxc4 Be7 49. Rc8+ Kg7 50. Rxh8 {This looks like a
premature agreement to a draw, but White's chances to convert his d-pawn into
something more concrete with rooks on the board would have been rather
hypotethical.} Kxh8 51. h5 {Black will give up his bishop for the d-pawn, with
a simple draw.} 1/2-1/2

[Event "Paris FIDE GP"]
[Site "Elancourt"]
[Date "2013.09.30"]
[Round "8"]
[White "Ponomariov, Ruslan"]
[Black "Bacrot, Etienne"]
[Result "0-1"]
[WhiteElo "2756"]
[BlackElo "2723"]
[Annotator "Marin,M"]
[PlyCount "116"]
[EventDate "2013.09.22"]
[EventType "tourn"]
[EventRounds "11"]
[EventCountry "FRA"]
[EventCategory "20"]
[SourceTitle "CBM 157"]
[Source "ChessBase"]
[SourceDate "2013.11.12"]
[SourceVersion "1"]
[SourceVersionDate "2013.11.12"]
[SourceQuality "1"]

1. d4 Nf6 2. c4 g6 3. g3 Bg7 4. Bg2 c5 5. d5 O-O 6. Nc3 e6 7. Nf3 exd5 8. cxd5
d6 9. O-O Re8 10. Nd2 a6 11. a4 Nbd7 12. h3 Rb8 13. Nc4 Ne5 14. Na3 Nh5 15. e4
Bd7 16. a5 b5 $5 {The latest fashion, and quite an explosive one.} 17. axb6 Bb5
{Some time ago, a dear friend who does not really play the Benoni suggested to
me this (unplayed then) idea. A couple of years later, I showed it to my pupil
Daniele Vocaturo, who used it to get an excellent position against Grischuk,
although, to tell the truth, by that time there had been one game with it
already! Grischuk seemed to have liked the idea, since he took it up for a
rapid game against Aronian. When preparing to annotate the present game I was
surprised to find out that a few dozen games had been played in the meanwhile.
My non-Benoni friend's idea seems to have become one of the main lines...
During the press conference, both players confessed that neither of them
expected this line to be played. However, Bacrot had done his homework on
another occasion, while Ponomariov was kind of on his own. True, he remembered
something he had not liked as Black when trying to include this line into his
repertoire, but could not remember exactly what. Yet, Ponomariov jokingly
admitted that he was glad to play this kind of position. He was sure of one
thing: his series of draws would finally come to an end. He was proved right,
but not the way he might have hoped for...} 18. Naxb5 {Played after 25 minutes.
} (18. g4 $5 {is an interesting exchange sacrifice.} Bxf1 19. Qxf1 {This
leaves the king exposed on g1.} ({The paradoxical} 19. Kxf1 $5 {deserves
attention.} Nf6 20. f4 Ned7 21. Nc4 Nxb6 22. Na5 Qc7 23. Nc6 Ra8 24. e5 Nfd7 {
and now that White has made some progress in the centre, he could think of
returning with the king, in order to create the threat e5-e6 followed by f4-f5.
} 25. Kg1 $5) 19... Nf6 20. f4 Nexg4 (20... Ned7 21. Nc4 Nxb6 22. Na5 Nxg4 $36
23. hxg4 $2 Bd4+ 24. Kh2 Qh4+ 25. Bh3 Bxc3 26. bxc3 Rxe4 $19) 21. Bf3 (21. hxg4
Nxg4) 21... Nxe4 22. Nxe4 Bd4+ 23. Kg2 Ne3+ 24. Bxe3 Bxe3 25. Re1 Bxf4 $13 {
Baryshpolets,A (2477)-Yilmaz,M (2515)/Kharkov 2011/CBM 145 Extra (1-0, 75)})
18... axb5 19. Nxb5 Qxb6 20. Na3 {Aimed at controlling the c4-square, but in
the long run White might have problems with this knight.} (20. Nc3 c4 21. g4 (
21. Na4 Qb3 22. Bd2 Nd3 23. Bc3 Bxc3 24. bxc3 Nf6 $15 {Michiels,B (2501)
-Nielsen,P (2687)/Germany 2011/CBM 146 (1/2, 39)}) 21... Nf6 22. Be3 (22. Ra2
Nd3 23. Qe2 Nd7 $36 {Skrbin,K (2264)-Saric,A (2489)/Pula 2011/CBM 143 Extra 
(0-1, 58)}) 22... Qxb2 23. Bd4 Nfd7 24. Rb1 Qa3 25. Nb5 Qa5 26. Bc3 Qb6 27. Bd4
Qa5 28. Bc3 Qb6 29. Bd4 Qa5 {1/2 Le Quang,L (2717)-Sjugirov,S (2657)/Loo 2013/
CBM 154}) 20... Qb3 {The start of as typical queenside invasion.} (20... c4 $6
{is premature with the knight on a3.} 21. Kh2 Qc5 22. Be3 Qb4 23. Nc2 Qxb2 24.
Ra6 Red8 25. Nd4 c3 26. Nc6 c2 27. Qc1 Nxc6 28. Rxc6 $16 {Anastasian,A (2555)
-Gopal,G (2480)/Abu Dhabi 2007/CBM 119 ext (46) 1-0}) 21. g4 (21. Kh2 Qxd1 22.
Rxd1 Rb3 23. Be3 Rxb2 24. Rdb1 Reb8 25. Rxb2 Rxb2 26. Rb1 Rxb1 {1/2 Smeets,J 
(2660)-Anisimov,P (2532)/Aix-les-Bains 2011/CBM 142}) (21. Qxb3 Rxb3 22. Rd1
Reb8 $44 {Sasikiran,K (2689)-Arnold,M (2505)/Bastia 2011/EXT 2012 (1-0, 36)}) (
21. Rb1 Qxd1 22. Rxd1 Rb3 23. Bd2 Ra8 24. g4 Nf6 25. Bc3 $5 Rxc3 26. bxc3 Rxa3
27. f4 Nc4 28. e5 dxe5 29. d6 $13 {Le Quang,L (2714)-Giri,A (2714)/Beijing
2011/CBM 145 Extra (1/2, 82)}) 21... Nf6 22. Qxb3 (22. Rb1 Qxd1 23. Rxd1 Rb3
24. Bd2 (24. Kf1 {Sasikiran,K (2689)-Battaglini,G (2452)/Bastia 2011/EXT 2012 
(1-0, 39)} Nd3 $5) 24... Nfd7 25. Bc3 g5 26. Kh1 Ra8 27. Bf1 (27. Ra1 Nxg4 28.
hxg4 Bxc3 29. Nc4 Rxa1 30. Rxa1 Be5 31. Ra7 Nf6 32. Nxe5 dxe5 33. f3 Rxb2 34.
Bf1 $44) 27... Rxc3 28. bxc3 Rxa3 $19 {Aronian,L (2808)-Grischuk,A (2747)/
Monte Carlo 2011/CBM 142 (0-1, 43)}) (22. f4 Nd3 23. Qxb3 Rxb3 24. Nc4 Nxe4 25.
Bxe4 Nxc1 26. Rfxc1 (26. Re1 $5 $13) (26. Nxd6 $13) 26... Bd4+ 27. Kg2 Rxe4 $36
{Golichenko,I (2408)-Grinev,V (2404)/Kiev 2012/CBM 148 Extra (1-0, 66)}) 22...
Rxb3 23. Rd1 (23. Kh1 h6 (23... Ra8 $5) 24. f4 Nd3 25. Nc4 Nxc1 26. Nxd6 Rd8
27. Rfxc1 Rxd6 28. e5 Rd8 29. exf6 Bxf6 30. Rxc5 Rxb2 $44 {Yuffa,D (2373)
-Shariyazdanov,A (2584)/Izhevsk 2013/CBM 155 Extra (1/2, 43)}) 23... h6 $146 {
A half-waiting and useful move, probably planning ...g6-g5. This way, Black
could later play ...Nfd7, without fearing f2-f4 anymore. Besides, in some
lines when his rooks would leave the back rank undefended on being sent on
active missions, the h7-square might come in handy to the king.} ({The
straightforward} 23... Nfd7 {was very much OK in Grischuk,A (2760)-Vocaturo,D 
(2581)/Khanty-Mansiysk 2010/CBM 139/[Marin,M] (1-0, 44). The final result is
not necessarily connected with the opening, since Black rejected a draw at
some point.}) 24. Nc2 $2 {Both players agreed that this immediately put White
into an unpleasant position. According to Ponomariov, this mistake was
provoked by miscalculation. His obvious idea was inhibiting ...g6-g5 in view
of Ne3-f5. True, it is not easy to suggest an useful move for White, that is
the main problem.} (24. Kf1 {may be useful in some cases, by defending e2, but
in the following logical sequence the king will be placed badly:} g5 (24... Nd3
25. Nc4) 25. Nc2 Nd3 26. Ra4 Nd7 27. Ne3 Nxc1 28. Rxc1 Rxb2 29. Nf5 Bd4 {
Suddenly, the king is in some trouble.} 30. Nxd4 cxd4 31. Rxd4 Ra8 {with
fantastic compensation for the pawn.}) 24... Nd3 ({Ponomariov had considered
also} 24... Nc4 25. Ra2 Nxe4 26. Ra4 $13 Bxb2 $2 27. Re1 $16) 25. Ra4 ({
Ponomariov's first intention was} 25. Ra3 {but he overlooked} Nxc1 $1 ({
He had relied on} 25... Nxb2 26. Rxb3 Nxd1 27. Rd3 $18 {trapping the knight.})
26. Rxc1 Rxb2 {White does not seem to get enough play with} 27. Ne3 Nxe4 28.
Bxe4 Rxe4 29. Nc4 Rbe2 30. Nxd6 Rf4 {and the king is in a dangerous situation.}
) 25... Nd7 26. Ra6 Nxc1 27. Rxc1 Bxb2 28. Rd1 Be5 29. Na3 Nb6 $17 {Black has
got everything he could dream of in the Benoni. Opposite-coloured bishops,
active pieces, the passed c-pawn...} 30. Bf1 Rb8 31. Kg2 Rb4 32. Bd3 c4 33. Be2
({Quite possibly, the last chance for survival was} 33. Rxb6 R8xb6 34. Nxc4 Rb8
{when White's fortress might not have been that easy to break.}) 33... c3 34.
Kf3 Rb3 35. Bd3 Nd7 36. Nc2 Nc5 37. Raa1 Rb2 38. Ke3 g5 $1 $19 {Finally this
thematic move, enabling ...Bf4+ and depriving White of the defence based on
Rc1.} 39. Ra3 Rxc2 40. Bxc2 Rb2 41. Bb1 c2 42. Bxc2 Rxc2 {The rest is not too
difficult.} 43. Kf3 Rb2 44. Re3 Bf4 45. Ra3 Kg7 46. h4 Nd7 47. hxg5 hxg5 48.
Rda1 Ne5+ 49. Kg2 Nxg4 50. R1a2 Rxa2 51. Rxa2 f5 52. f3 Nf6 53. Ra4 Kg6 54. Kf2
fxe4 55. fxe4 g4 56. Rc4 Kg5 57. Ra4 Kh4 58. Kg2 Be5 0-1

[Event "EU-ch (Women) 12th"]
[Site "Tbilisi"]
[Date "2011.05.11"]
[Round "5"]
[White "Danielian, Elina"]
[Black "Cmilyte, Viktorija"]
[Result "0-1"]
[WhiteElo "2506"]
[BlackElo "2504"]
[Annotator "Mikhalchishin,A"]
[PlyCount "44"]
[EventDate "2011.05.07"]
[EventType "swiss"]
[EventRounds "11"]
[EventCountry "GEO"]
[SourceTitle "CBM 142 Extra"]
[Source "ChessBase"]
[SourceDate "2011.06.27"]
[SourceVersion "1"]
[SourceVersionDate "2011.06.27"]
[SourceQuality "1"]

1. d4 Nf6 2. c4 e6 3. Nf3 c5 {Cmilyte choses the aggressive Benoni, showing
her attitude.} 4. d5 exd5 5. cxd5 g6 6. g3 d6 7. Bg2 Bg7 8. O-O O-O 9. Nc3 Re8
10. Nd2 a6 11. a4 Nbd7 12. Nc4 (12. h3 {is better.}) 12... Ne5 13. Na3 {
I don't like this smart plan: to avoid exchanges, White places her knight on
the edge.} ({I remembered my old game here with the first great Uzbek
grandmaster:} 13. Nxe5 Rxe5 14. h3 Re8 15. Bf4 Rb8 16. a5 b5 17. axb6 Rxb6 18.
Qc2 Qc7 19. Rfc1 Qb8 20. Ra2 Nd7 21. g4 Ne5 22. e3 h6 23. Bf1 Re7 24. Be2 f5
25. g5 hxg5 26. Bxg5 Reb7 27. Na4 Rb4 28. f4 Nf7 $1 29. Bxa6 Nxg5 30. fxg5 Ra7
31. Bxc8 Qxc8 32. Nb6 Qb7 33. Rxa7 Qxa7 34. Nc4 Qe7 35. Kh1 Qxg5 36. Qf2 f4 37.
Qf3 fxe3 38. Rg1 Qh6 39. Nxe3 Rxb2 40. Ng4 Qh4 41. Qe3 Kh7 42. Ra1 Rb4 43. Rg1
c4 {0-1 Agzamov-Mikhalchishin, Moscow 1972}) 13... Nh5 $1 {A correct attacking
move - quiet development is not possible here.} 14. h3 f5 15. Bd2 {Other moves
have been tried here, but without real success.} (15. Kh2 g5 (15... Bd7 16. f4
Nf7 17. Nc4 b5 18. axb5 axb5 19. Rxa8 Qxa8 20. Nb6 Qb7 21. Nxd7 Qxd7 22. e4 b4
23. Ne2 Nf6 24. exf5 gxf5 25. Qd3 Nh6 26. b3 Qf7 27. Bf3 Qg6 28. Rf2 Ne4 29.
Rg2 Nf6 30. Kh1 Nhg4 31. Ng1 Nh6 32. Kh2 Nhg4+ 33. Kh1 Nh6 34. Kh2 Nhg4+ {
1/2 Anastasian,A (2587)-Evdokimov,A (2531)/Moscow RUS 2007}) (15... f4 $5 16.
gxf4 Qh4 17. fxe5 Bxe5+ 18. f4 Qg3+ 19. Kh1 Bxh3 $1 20. Rg1 Nxf4 $15) 16. e4 g4
17. f4 gxf3 18. Bxf3 Nf6 19. Bg2 Nxe4 20. Ne2 b5 $17 {0-1 Raetsky,A (2442)
-Arun Prasad,S (2535)/Abu Dhabi UAE 2010 (52)}) (15. e4 b5 $1 16. Ne2 (16. axb5
axb5 17. Ncxb5 Ba6 $15) 16... fxe4 17. Bxe4 Bxh3 18. Bg2 Bg4 19. f3 Bd7 $17 20.
g4 Nxg4 $19 {0-1 Stecko,O-Bangiev,A/USSR 1971 (30)}) (15. f4 $6 Nf7 (15... Nxg3
{looks to be very strong:} 16. fxe5 Nxf1 17. Qxf1 b5 $1) 16. Kh2 Nf6 17. Nc4
Bd7 18. a5 Qc7 19. Ra2 Re7 20. b3 Rae8 21. Bb2 Bb5 22. Qa1 Bxc4 23. bxc4 Re3
24. Rf3 Nh5 25. Rxe3 Rxe3 26. Bf3 Qe7 27. Qc1 Bd4 28. Ba1 Ng5 29. fxg5 Qe5 30.
Kh1 Nxg3+ 31. Kg2 Nh5 32. Kf1 Qg3 33. Nd1 Rc3 {0-1 Bernasek,J (2530)-Philippe,
C (2407)/Brno CZE 2008}) 15... Bd7 16. Rb1 ({Or} 16. Qc2 Rf8 {with the idea
f5-f4.}) 16... c4 $5 ({Also possible is aggressive development with} 16... g5
17. e4 g4 18. Nc2 $2 (18. hxg4 fxg4 19. Be3 Qa5 {did not achieve much.}) 18...
fxe4 19. Bxe4 Rf8 20. Kh1 Qe8 21. Ne3 Nf6 22. Bc2 Nf3 23. h4 Qe5 $17 {0-1
Delemarre,J (2418)-Stellwagen,D (2467)/Leeuwarden NED 2003 (40)}) ({Allowing
White to follow her own plan is a bit too slow:} 16... Rb8 17. b4 Qc7 18. b5)
17. Kh2 (17. a5 {was better:} b5 (17... Qxa5 {this risky business is not
recommended} 18. Ncb5 Qb6 19. Be3) 18. axb6 Qxb6 19. Nc2 Nf7 20. Be3 Rxe3 21.
Nxe3 Nxg3 {but here Black has a very serious dynamic compensation for the
exchange.}) 17... Rb8 18. Nc2 ({It was still preferable to fix Black's pawns
on the queenside:} 18. a5) 18... f4 $5 19. Bxf4 ({Nor was it much better trying
} 19. gxf4 Qh4 20. fxe5 Bxe5+ 21. f4 Qg3+ 22. Kh1 Bxh3 23. Ne1 Bxg2+ 24. Nxg2
Qh3+ 25. Kg1 Bxc3 26. Rf3 Ng3 27. Rxg3 Bd4+ 28. e3 Qxg3 29. exd4 Re4) 19...
Nxf4 20. gxf4 Qh4 21. fxe5 $2 ({Black kept a dangerous initiative after} 21.
Qd2 Bh6 22. e3 Nf3+ 23. Bxf3 Qxh3+ 24. Kg1 Qxf3) 21... Qf4+ 22. Kg1 Bxe5 0-1